KOHA-Header-6

Social Psychology Principles (Record no. 12592)

000 -LEADER
fixed length control field 00171nam a22000857a 4500
082 ## - DEWEY DECIMAL CLASSIFICATION NUMBER
Classification number 150
100 ## - MAIN ENTRY--AUTHOR NAME
Personal name Charles Stangor
245 ## - TITLE STATEMENT
Title Social Psychology Principles
942 ## - ADDED ENTRY ELEMENTS (KOHA)
Koha item type Books
Holdings
Withdrawn status Lost status Collection code Permanent Location Current Location Shelving location Date acquired Full call number Accession Number Koha item type
    Psychology MAJU MAJU Shelf No.B35 2020-10-03 150 9769 Psychology

Powered by Koha